Directory of Indian scientific periodicals 1964 / (Record no. 136123)

MARC details
000 -LEADER
fixed length control field 00679nam a22002417a 4500
005 - DATE AND TIME OF LATEST TRANSACTION
control field 20170124110254.0
010 ## - LIBRARY OF CONGRESS CONTROL NUMBER
LC control number 311872
020 ## - INTERNATIONAL STANDARD BOOK NUMBER
Terms of availability 00.00
035 ## - SYSTEM CONTROL NUMBER
System control number 311872
037 ## - SOURCE OF ACQUISITION
Source of stock number/acquisition Cen Lib/Ret
040 ## - CATALOGING SOURCE
Original cataloging agency DPL
Language of cataloging EN
082 ## - DEWEY DECIMAL CLASSIFICATION NUMBER
Classification number 505.05954
Item number INS
110 ## - MAIN ENTRY--CORPORATE NAME
Subordinate unit INSDOC
9 (RLIN) 99043
245 ## - TITLE STATEMENT
Title Directory of Indian scientific periodicals 1964 /
246 ## - VARYING FORM OF TITLE
Remainder of title
260 ## - PUBLICATION, DISTRIBUTION, ETC. (IMPRINT)
Place of publication, distribution, etc New Delhi
Name of publisher, distributor, etc Indian National Documentation Centre
Date of publication, distribution, etc 1964
270 ## - ADDRESS
City New Delhi
300 ## - PHYSICAL DESCRIPTION
Extent 133p.
Dimensions 22cm(Hb)
500 ## - GENERAL NOTE
General note Includes index
650 ## - SUBJECT ADDED ENTRY--TOPICAL TERM
Topical term or geographic name as entry element Scientific periodicals -- Directory
9 (RLIN) 99044
650 ## - SUBJECT ADDED ENTRY--TOPICAL TERM
Topical term or geographic name as entry element Indian periodicals
9 (RLIN) 99045
942 ## - ADDED ENTRY ELEMENTS (KOHA)
Source of classification or shelving scheme Dewey Decimal Classification
Koha item type English Books
Classification part 505.05954
Call number suffix INS
Holdings
Withdrawn status Lost status Damaged status Not for loan Home library Current library Date acquired Source of acquisition Total Checkouts Full call number Barcode Date last seen Copy number Price effective from Koha item type
        Central Library Central Library 18/12/2015 Cen Lib/Ret   505.05954 INS 311872 18/12/2015 1 18/12/2015 English Books

© Delhi Public Library
Hit Counter
free hit counter